| 000 | 01092nam0a2200325 4500 | ||
|---|---|---|---|
| 001 | RU\NLR\bibl\1186293 | ||
| 005 | 20250615093658.0 | ||
| 010 |
_a978-5-17-046668-9 _bАСТ |
||
| 010 |
_a978-5-9713-6268-5 _bАСТ Москва |
||
| 010 |
_a978-5-9762-4806-9 _93500 _bХранитель |
||
| 021 |
_aRU _b2007-88879 _94801 |
||
| 035 | _a(nilc)IZD\AST\2007\761228 | ||
| 035 | _a(NLR Aleph) 001172869 | ||
| 090 |
_a1608533 _c1608533 |
||
| 100 | _a20071130d2007 |||y0rusy50 ca | ||
| 101 | 1 |
_arus _ceng |
|
| 102 | _aRU | ||
| 105 | _ay ||||||||| | ||
| 200 | 1 |
_aСпособен на все _eроман _fЛюси Монро |
|
| 210 |
_aМосква _cАСТ [и др.] _d2007 |
||
| 215 |
_a317, [1] с. _d20 |
||
| 686 |
_a0641 _aЗарубежный детектив _2TCC-BG |
||
| 686 |
_a84(7Сое)-44 _vLBC/PL |
||
| 700 | 1 |
_4070 _7ca _8rus _aМонро _bЛ. _f1967- _gЛюси _9252686 _3RU\NLR\AUTH\770252742 |
|
| 801 | 0 |
_aRU _bЛИБНЕТ _c20071130 |
|
| 801 | 1 |
_aRU _bЦУНБ Москва _c20071211 |
|
| 801 | 2 |
_aRU _bNLR _c20080208 _grcr |
|
| 942 | _cBOOK | ||
| 980 | _aNB | ||